000 00711nam a2200193 i 4500
001 80276
003 ES-MaACL
005 20230906174158.0
007 t|
008 041027s1944 sp ||||1| spa d
100 1 _aHidalgo de Caviedes, Rafael.
_963586
245 1 0 _aEnciclopedia de la construcción /
_cpor Rafael Hidalgo de Caviedes y Joaquín del Soto Hidalgo ; la parte legislativa y derecho social ha sido revisada por Miguel Muñoz Cuellar.
250 _a1ª ed.
260 _aMadrid :
_bAcademia Soto-Hidalgo,
_c1944 (
_fYagües)
300 _a2 v. ;
_c25 cm.
700 1 _aSoto Hidalgo, Joaquín del.
_9107520
700 1 _aMuñoz Cuéllar, Miguel.
_984381
852 _aES-MaACL
_jB-10196-97
_bR.21610
999 _c80276
_d80276